| 000 | 00831nam a2200229 i 4500 | ||
|---|---|---|---|
| 001 | 90043 | ||
| 003 | ES-MaACL | ||
| 005 | 20250714063108.0 | ||
| 007 | t| | ||
| 008 | 050117s1905 fr ||||1| fre d | ||
| 100 | 1 |
_aLe Faure, Georges, _d1856-1953 _970872 |
|
| 245 | 1 | 4 |
_aLes empoisonneurs / _cpar Georges Le Faure. |
| 260 |
_aParis : _bSociété d'Edition et de Publications, _c[1905] |
||
| 300 |
_a[62] p.. ; _c18 cm. |
||
| 490 | 1 | _aTrente ans d'espionnage: mémoires authentiques d'un agente du Service Secret | |
| 655 | 4 |
_9236889 _aNovelas de espionaje |
|
| 830 | 0 |
_aTrente ans d'espionnage: mémoires authentiques d'un agente du Service Secret _9231925 |
|
| 852 |
_aES-MaACL _cDEPO2 _hDonativo Roda _jL-4898(5-3) |
||
| 942 |
_2udc _cMONOGRAFIA _n0 |
||
| 999 |
_c90043 _d90043 |
||